[Event "Interzonal-14a"]
[Site "Subotica"]
[Date "1987.??.??"]
[Round "7"]
[White "Chernin, Alexander"]
[Black "Alburt, Lev O"]
[Result "1-0"]
[WhiteElo "2570"]
[BlackElo "2575"]
[Annotator "Stohl,I"]
[PlyCount "89"]
[EventDate "1987.06.??"]
[EventType "tourn"]
[EventRounds "17"]
[EventCountry "YUG"]
[EventCategory "11"]
[SourceTitle "CBM 003"]
[Source "ChessBase"]
[SourceDate "1988.04.01"]
[SourceVersion "1"]
[SourceVersionDate "1988.04.01"]
[SourceQuality "1"]

1. d4 Nf6 2. c4 e6 3. Nf3 a6 4. Nc3 c5 5. d5 b5 6. Bg5 b4 7. Ne4 d6 8. Nxf6+
gxf6 9. Bd2 $1 (9. Bh4 Be7 $1 (9... Nd7 $6 10. e4 $1 Be7 11. Bd3 Nf8 (11... f5
12. Bg3 fxe4 13. Bxe4 Nf6 14. Bc2) 12. O-O Ng6 13. Bg3 Bd7 14. Nd2 h5 15. h3
Kf8 16. f4 h4 17. Bh2 f5 18. Qc2 Rh5 19. Nf3 Kg7 20. Rae1 $16 {Van der
Sterren-Sosonko, Niederlande 1985/86}) 10. g3 $5 (10. e4 f5 $1 11. Bxe7 Qxe7
12. dxe6 fxe4 13. exf7+ Kf8 14. Nd2 Bb7 15. Qh5 Nd7 16. Qh6+ Kxf7 17. Be2 (17.
Qh5+ Kg8 (17... Kg7 18. Qg4+ Kf7 19. Qh5+ $10) 18. Qg4+ Kf8 19. Qf4+ Nf6 $13)
17... Qf6 18. Qxf6+ Kxf6 19. Nf1 Ne5 20. O-O-O Ke6 21. Ne3 Raf8 $10 {Huss-Lau,
Beer-Sheva 1985}) 10... Nd7 11. Bg2 Rb8 12. Qd2 h5 13. dxe6 fxe6 14. Rd1 Kf7
15. O-O Nf8 16. Bh3 Ng6 17. e4 Bb7 18. Rfe1 Bc6 19. Qe2 Qc7 20. Rd3 Rbg8 21.
Kf1 a5 $13 {Tarjan-Alburt, USA 1984}) 9... f5 10. a3 (10. dxe6 Bxe6 $1 (10...
fxe6 $2 11. e4 $1)) 10... bxa3 11. Rxa3 Bg7 12. Bc3 (12. Qc2 $5) 12... Bxc3+
13. Rxc3 Qb6 14. Qc1 Nd7 15. Nd2 Rb8 16. Rb3 Qc7 17. Rxb8 Qxb8 18. g3 exd5 (
18... e5 $2 19. Bh3 $16) 19. cxd5 O-O 20. Bh3 $1 (20. Bg2 Re8 21. O-O Rxe2 22.
Nc4 f6 (22... Ne5 23. Qg5+ Kf8 24. Qd8+ Kg7 25. Nxd6) 23. b4 $1 (23. Re1 Rxe1+
24. Qxe1 Ne5) 23... cxb4 24. Nxd6 Qxd6 25. Qxc8+ $13) 20... Ne5 21. O-O Qb4 22.
Qc3 f4 23. Bg2 (23. Bxc8 Rxc8 24. Qxb4 cxb4 25. gxf4 Rc2 $132) 23... fxg3 24.
hxg3 Bg4 25. Re1 Qxc3 (25... Rb8 26. Qe3 $5) 26. bxc3 Rb8 27. f4 Nd7 28. e4 (
28. Kf2 $5) 28... Kf8 29. Bf1 Rb2 $6 (29... a5 $5) 30. Nc4 Rc2 $2 (30... Rb3
$142) 31. Ne3 $1 Rxc3 32. Nxg4 Rxg3+ 33. Kh2 Rxg4 34. Bh3 h5 (34... Rh4 35. Kg3
) 35. Bxg4 hxg4 36. Kg3 f5 (36... Nf6 37. e5 dxe5 38. Rxe5 $18) 37. exf5 Nf6
38. Kh4 Nxd5 39. Kxg4 Nc3 40. Re3 Nb5 41. Kg5 c4 42. Kg6 Nc7 43. f6 Nd5 44. Re4
Nb6 45. f7 1-0

[Event "RUS-Cup02"]
[Site "Moscow"]
[Date "1998.01.22"]
[Round "2"]
[White "Ibragimov, Ildar"]
[Black "Vlassov, Nikolai"]
[Result "1-0"]
[WhiteElo "2590"]
[BlackElo "2440"]
[Annotator "Stohl,I"]
[PlyCount "117"]
[EventDate "1998.01.21"]
[EventType "swiss"]
[EventRounds "9"]
[EventCountry "RUS"]
[SourceTitle "CBM 063"]
[Source "ChessBase"]
[SourceDate "1998.03.26"]
[SourceVersion "1"]
[SourceVersionDate "1998.03.26"]
[SourceQuality "1"]

1. d4 Nf6 2. c4 Nc6 3. Nf3 e6 4. a3 $1 {Kasparov,G (2785)-Yermolinsky,A (2610)
Jerevan olm 1996 (13) 1-0 A move used by the world champion is bound to be
popular!} d5 5. Nc3 dxc4 (5... g6 6. Bf4 $5 (6. Bg5 Bg7 7. e3 O-O 8. Rc1 h6 9.
Bxf6 Bxf6 10. cxd5 exd5 11. Bd3 Ne7 12. O-O c6 13. b4 a6 14. a4 Bg7 15. Nd2 Nf5
16. b5 cxb5 $6 17. axb5 a5 18. Qb3 Be6 19. Bxf5 gxf5 20. f4 Qd6 21. Na4 Rfc8
22. b6 Rxc1 23. Rxc1 Bd7 24. Nc5 Bc6 25. Nf3 Qe7 26. Ne5 $16 {Baburin,A-Lee,J/
US-op Las Vegas (1) 1997/1-0 (54)}) 6... Nh5 7. Bg5 f6 8. Bd2 f5 9. cxd5 exd5
10. Qb3 Ne7 11. g3 Bg7 12. Bg2 c6 13. O-O O-O 14. e4 $1 fxe4 15. Nxe4 Kh8 16.
Nc5 b6 17. Nd3 c5 18. dxc5 bxc5 19. Nxc5 Bf5 20. Bc3 Nf6 21. Qd1 Qc8 22. b4 Bg4
23. Qd3 a5 24. Nd4 $18 {Pelletier,Y-Blatny,P/Bad Wiessee op 1997/1-0 (48)}) 6.
e4 (6. Qa4 $5 Nd5 7. Qxc4 Nb6 8. Qd3 Be7 9. e4 O-O 10. Be2 f5 11. O-O e5 12.
dxe5 fxe4 13. Qxd8 Rxd8 14. Nxe4 Bf5 15. Ng3 Bd3 16. Bxd3 Rxd3 17. Nf5 Nc4 18.
Nxe7+ Nxe7 19. Re1 Ng6 20. h4 Re8 21. e6 Rd6 22. h5 Nf8 23. e7 Ne6 24. Re4 b5
25. Be3 Nxe3 26. Rxe3 Nf4 27. Rc1 $16 {Volzhin,A-Vlassov,N/RUS-Cup2 Moscow (8)
1996/1-0 (62)}) 6... Na5 7. Bxc4 Nxc4 8. Qa4+ Bd7 (8... Nd7 9. Qxc4 c5 10. Be3
Nb6 11. Qe2 cxd4 12. Bxd4 f6 13. O-O Be7 14. Rfd1 Bd7 15. Rd2 Qc8 16. Bxb6 axb6
17. Rad1 Bc6 18. Nd5 $1 Bd8 19. Nd4 O-O 20. Nf4 Ba4 21. b3 e5 22. bxa4 exd4 23.
Rxd4 Be7 24. Rd7 $40 {Yakovich,Y-Vlassov,N/Moscow-ch 1996/1-0 (34)}) (8... c6
$5 9. Qxc4 a5 10. Ne5 (10. O-O $142 Be7 11. Bg5 $14) 10... Be7 11. O-O O-O 12.
Rd1 Qb6 13. Be3 Qa6 14. Qxa6 Rxa6 15. f3 a4 16. Rac1 Rd8 17. Rc2 Ne8 18. Nd3 f6
19. Kf2 Kf7 20. Ke1 Ra8 21. Nc5 Bxc5 22. dxc5 Rxd1+ 23. Nxd1 e5 24. Rd2 Be6 25.
g3 Nc7 26. f4 exf4 27. gxf4 f5 $11 {Manninen,M-Benjamin,J/Rilton Cup9697 1997/
1/2 (39)}) 9. Qxc4 Be7 (9... Bc6 $2 10. Ne5 $1 Bxe4 11. Nxe4 Nxe4 12. Qb5+ c6
13. Qxb7 $16) 10. O-O O-O 11. Rd1 $14 {[%csl Gd4,Ge4] ()[+] White has more
space and a strong center, Black's ^^ has limited prospects.However,Black's
position is very solid, although quite passive.} (11. Bg5 $5 $14) 11... a5 ({
More flexible is} 11... Bc6 $142 $5 12. Qe2 (12. d5 exd5 13. exd5 Bd7 $11)
12... b6 13. Bg5 Bb7 $14) 12. Qe2 c6 $6 {[%csl Rd6,Rd7] ץd7,d6 Although this
move prevents a possible central break d5, it weakens the black squares and
limits the scope of Bd7.} (12... Bc6 13. Ne5 Be8 14. Bg5 $36) 13. Bg5 $1 {
White logically intends to exchange Black's strong Be7.} h6 14. Bh4 b5 $2 {
A heavy positional mistake for the reasons already indicated above.} 15. e5 Nd5
16. Bxe7 Nxc3 (16... Qxe7 17. Ne4 {[%csl Rc5,Rc6,Rd6,Rd7] ץd7,d6,c5,c6}) 17.
Qc2 $1 (17. bxc3 $143 Qxe7 $13 {[%cal Yc6c5] /\c5<=>}) 17... Qxe7 18. Qxc3 $16
{[%csl Rd7][%cal Yf3d2,Yd2e4,Re4d6,Re4c5] Black is in dire straits. His B has
practically no scope, while White can easily maneuvre his N to one of the
weakened dar squares (c5,d6) because Black's pawn structure is full of holes.}
Rfd8 19. Nd2 Be8 20. Nb3 $5 {[%csl Ra5] ><a5 White aims for other weaknesses
as well and intends to force a4.} (20. Ne4 Rd5 21. Nd6 $16) 20... Qc7 (20... b4
21. Qc5 $16) 21. h3 Rd5 22. Rd3 Rad8 23. Nc5 (23. Nxa5 c5 $132) 23... a4 (23...
Qb6 $142 $16) 24. Rad1 Qe7 25. Na6 $1 Rc8 26. Nb4 Rdd8 27. Qc5 Qh4 (27... Qxc5
28. dxc5 Rxd3 29. Rxd3 {[%csl Rc6,Re8][%cal Rd3d6] ץ,Pc6,/\Rd6}) 28. Re1 Rc7
29. Qc3 (29. d5 $5 exd5 (29... Qc4 $2 30. Qb6 cxd5 31. Rc3 $18) 30. Nxd5 Rcd7
31. Nf6+ $1 gxf6 32. Rg3+ Qxg3 $8 (32... Kh7 33. Qf8) 33. fxg3 $16) 29... f6 $6
{Only creates another weakness. (><e6) But it's difficult to give Black better
advice, his position is lifeless.} (29... Qe7 30. Rc1 {[%cal Yc3e1,Ye1e4,Yc1c5,
Yd3c3,Yg1a2,Yf2f5,Yg2g4] /\Qe1-e4,Rc5,Rdc3,Kg1-a2,f4,g4->>>}) 30. exf6 {
[%csl Re6]} Qxf6 31. Re5 Rd6 32. Na6 Rf7 (32... Re7 33. Nc5 Rd5 34. Rde3 $18)
33. Rd2 Re7 34. Nc5 Bg6 35. Qe3 Bb1 36. f4 Qg6 (36... Ba2 37. f5 $18) 37. Kh2
$1 Qf7 38. Re2 {[%cal Rg2g4,Rf4f5] /\g4,f5+-->} Rd5 39. Rxe6 $18 Rxe6 40. Nxe6
Qf6 (40... Bf5 $142 41. Nc5 Qf6 42. g4 $5 (42. Rd2 $16) 42... Bg6 43. Qe6+ $18)
41. g4 $1 Ba2 (41... Bg6 42. f5 Bf7 43. Rc2 $1 Bxe6 44. Rxc6 $18) 42. f5 Bc4
43. Qg3 $1 $40 {White ends the game with a tactical attack.} Qe7 44. Qb8+ Kf7
45. Ng5+ $1 hxg5 $8 (45... Qxg5 46. Qe8+ Kf6 47. Re6#) 46. Rxe7+ Kxe7 47. Qg8
Rxf5 $8 (47... Kf6 48. Qe6#) 48. Qxg7+ Rf7 49. Qxg5+ Kd7 50. h4 {[%csl Gg4,Gh4]
o^g,h} Rf2+ 51. Kg3 Rxb2 52. h5 b4 53. h6 Bd3 (53... bxa3 54. h7 a2 55. h8=Q
a1=Q 56. Qhd8+ Ke6 57. Qgf6#) 54. Qg7+ Kd6 55. Qe5+ (55. h7 Bxh7 56. Qxh7 $18)
55... Kd7 56. d5 $5 bxa3 57. d6 {[%cal Re5e7,Re7c7] /\Qe7-c7#} Re2 58. Qxe2
Bxe2 59. h7 (59. h7 a2 60. h8=Q) 1-0

[Event "Wch U16"]
[Site "Porto Carras"]
[Date "2015.11.02"]
[Round "8"]
[White "Murtazin, Bulat"]
[Black "Vogel, Roven"]
[Result "0-1"]
[WhiteElo "2384"]
[BlackElo "2417"]
[Annotator "Vogel,R"]
[PlyCount "134"]
[EventDate "2015.10.25"]
[EventType "tourn"]
[EventRounds "11"]
[EventCountry "GRE"]
[SourceTitle "CBM 170"]
[Source "ChessBase"]
[SourceDate "2016.01.15"]
[SourceVersion "1"]
[SourceVersionDate "2016.01.15"]
[SourceQuality "1"]

1. d4 Nf6 2. c4 e6 3. Nf3 a6 $6 {Ein ganz interessanter Zug, um den Gegner aus
der Vorbereitung zu werfen.} 4. g3 b5 5. Bg2 Bb7 6. cxb5 axb5 7. O-O c5 8. Bf4
Qb6 9. dxc5 (9. Nc3 cxd4 10. Nxd4 Bxg2 11. Kxg2 b4 $11) 9... Bxc5 10. Nc3 O-O
11. Qb3 Bc6 12. Ne5 $6 Bxg2 13. Kxg2 b4 14. Na4 Qb7+ {Nun steht Schwarz schon
sehr angenehm} 15. Kg1 Bd6 $1 16. a3 (16. Nxd7 Qxd7 17. Nb6 Qb7 18. Bxd6 Qxb6
19. Bxf8 Kxf8 $15 {davor hatte ich in der Partie auch nicht wirklich Angst.})
16... Ne4 17. Nf3 Bxf4 18. gxf4 Nc6 19. axb4 Rab8 $6 (19... Nxb4 20. Rfc1 Rfb8
$17) 20. Rfd1 (20. b5 Qxb5 21. Qxb5 Rxb5 22. Nc3 Nxc3 23. bxc3 Rc5 24. Ra3 $15
{auch hier sollte Weiß klaren Nachteil haben.}) 20... Qa7 21. Qe3 Qxe3 22. fxe3
d5 23. Nc5 Rxb4 24. Nd7 $2 (24. Nd3 Rb7 25. Nd4 $15 {Dies wäre wohl das
kleinere Übel gewesen, doch mein Gegner entscheidet sich dafür, in der
bevorstehenden Zeitnot Komplikationen herbeizuführen.}) 24... Rd8 25. Rdc1 Ne7
26. Nd4 Rxb2 27. Rc7 {Für mich war diese Stellung aufgrund der vielen Springer
und Türme auf einem Fleck sehr verwirrend. In beiderseitiger Zeitnot schaffte
ich es zum Glück, die Stellung unter Kontrolle zu bekommen, wodurch der
Vorteil natürlich immer größer wurde.} Ng6 $6 28. Nc6 (28. Raa7 $1 Nh4 29. h3
Rb1+ 30. Kh2 Rf1 31. Ne5 Rf2+ 32. Kg1 Rg2+ 33. Kf1 Ng3+ 34. Ke1 Nhf5 35. Nxf5
Nxf5 36. Nxf7 Re8 {Schwarzer Vorteil sollte noch vorhanden sein, allerdings
war das die letzte Chance für Weiß.}) 28... Re8 29. Nde5 Nxe5 30. Nxe5 Rxe2 31.
Rxf7 Nd6 32. Rd7 Nf5 33. Raa7 h6 34. Nc6 Kh8 35. Nd4 Nxd4 36. exd4 Rb8 37. Rdb7
Rxb7 38. Rxb7 Re4 39. Rb6 Rxf4 40. Rxe6 Rxd4 41. Rd6 Rd2 42. h4 Rd4 43. Kg2
Rxh4 44. Rxd5 Ra4 45. Kg3 Kh7 46. Rb5 g5 47. Rb7+ Kg6 48. Rb6+ Kh5 49. Kf3 g4+
50. Kf2 Rf4+ 51. Kg3 Rf3+ 52. Kg2 Kg5 53. Rb5+ Rf5 54. Rb2 h5 55. Ra2 Rb5 56.
Rc2 h4 57. Rc8 Rb2+ 58. Kg1 h3 59. Rc5+ Kh4 60. Rc4 Re2 61. Ra4 Kg3 62. Ra3+
Kf4 63. Ra4+ Kf3 64. Ra3+ Re3 65. Ra1 g3 66. Rf1+ Kg4 67. Ra1 h2+ 0-1

[Event "Moscow-ch"]
[Site "Moscow"]
[Date "1996.09.12"]
[Round "8"]
[White "Yakovich, Yuri"]
[Black "Vlassov, Nikolai"]
[Result "1-0"]
[WhiteElo "2530"]
[BlackElo "2395"]
[Annotator "Yakovich,Y"]
[PlyCount "69"]
[EventDate "1996.08.??"]
[EventType "swiss"]
[EventRounds "11"]
[EventCountry "RUS"]
[SourceTitle "CBM 055 Extra"]
[Source "ChessBase"]
[SourceDate "1997.01.01"]
[SourceVersion "1"]
[SourceVersionDate "1997.01.01"]
[SourceQuality "1"]

1. d4 Nf6 2. Nf3 e6 3. c4 Nc6 4. a3 $5 d5 5. Nc3 dxc4 $146 (5... g6 6. Bg5 Bg7
7. e3 h6 8. Bxf6 Bxf6 9. cxd5 exd5 10. Be2 O-O 11. O-O Ne7 12. b4 c6 $14 {
Koziak,V-Vlassov,N/Yalta op 1995}) (5... a6 6. cxd5 exd5 7. Bg5 Be7 8. e3 h6 9.
Bh4 O-O 10. Bd3 Be6 11. O-O Nd7 12. Bg3 Bd6 13. Rc1 Bxg3 14. hxg3 Ne7 15. Na4
c6 16. Qc2 a5 17. b4 b5 18. Nc5 Nb6 19. bxa5 Nc4 20. a6 Bc8 21. a4 Bxa6 22. Ra1
Qd6 23. axb5 $16 {Kasparov,G-Yermolinsky,A/Erevan olm 1996}) 6. e4 Na5 7. Bxc4
Nxc4 8. Qa4+ Nd7 (8... Bd7 9. Qxc4 Bc6 $2 (9... Be7 $142 $14) 10. Ne5 Bxe4 11.
Nxe4 Nxe4 12. Qb5+) 9. Qxc4 c5 10. Be3 $1 $16 {[%cal Re3d4,Rd4g7]} (10. O-O $2
Nb6) 10... Nb6 11. Qe2 cxd4 12. Bxd4 f6 13. O-O Be7 14. Rfd1 Bd7 15. Rd2 (15.
Nb5 $6 O-O 16. Nxa7 $2 Ba4) 15... Qc8 (15... Qc7 16. Rad1 Rd8 17. Nb5 $16) 16.
Bxb6 axb6 17. Rad1 Bc6 (17... Ba4 18. Nxa4 Rxa4 19. Qb5+ Qc6 20. Qxc6+ bxc6 21.
Nd4 $16) 18. Nd5 $1 Bd8 19. Nd4 $1 O-O 20. Nf4 $1 Ba4 (20... Bd7 21. Nf5 $1 (
21. Rc2) 21... exf5 (21... Bc6 22. Rxd8) 22. Rxd7 $18) (20... e5 21. Nde6 $18)
21. b3 e5 22. bxa4 $1 (22. Nde6 $2 Bxb3 23. Rxd8 Bxd1 24. Qa2 (24. Rxc8 Bxe2)
24... Qc1 $1 25. Nd3 (25. Nxf8+ Bb3+) 25... Qc3 26. Nxf8+ Bb3 $19) 22... exd4 (
22... exf4 23. Nf5 $18 {[%cal Rd2d8,Rd2d7,Rd7h7,Re2g4,Re2h5]}) 23. Rxd4 $18 Be7
24. Rd7 Rf7 25. Qa2 Qe8 26. Rxb7 Rxa4 27. Qe6 Rxa3 28. h3 Kf8 29. Rdd7 $138 Qc8
$138 30. Rbc7 (30. Rxe7 $4 Qc1+ 31. Kh2 Qxf4+) 30... Ra1+ 31. Kh2 Qe8 32. Nd5
Ra5 33. Rxe7 Rxe7 34. Nxe7 Re5 35. Qg8# 1-0

[Event "Cappelle op 28th"]
[Site "Cappelle la Grande"]
[Date "2012.03.09"]
[Round "8"]
[White "Zakhartsov, Viacheslav V"]
[Black "Petkov, Vladimir"]
[Result "1/2-1/2"]
[WhiteElo "2563"]
[BlackElo "2509"]
[Annotator "Zakhartsov,Vi"]
[PlyCount "55"]
[EventDate "2012.03.03"]
[EventType "swiss"]
[EventRounds "9"]
[EventCountry "FRA"]
[SourceTitle "CBM 147"]
[Source "ChessBase"]
[SourceDate "2012.03.16"]
[SourceVersion "1"]
[SourceVersionDate "2012.03.16"]
[SourceQuality "1"]

1. d4 Nf6 2. c4 Nc6 3. Nf3 e6 4. a3 {White has other options at his disposal:}
(4. Nc3 Bb4 5. Qc2 d6 {transposing to a classical Nimzo Indian 4.Qc2 Nc6 5.Nf3
d6, or}) (4. g3 d5 (4... Bb4+ 5. Bd2 Qe7 {- Bogo Indian}) 5. Bg2 dxc4 {
transposing to a Catalan.}) 4... d6 {In the spirit of the King's Indian.} (4...
d5 5. Nc3 dxc4 6. e4 {leads to White's advantage:} Na5 7. Bxc4 Nxc4 8. Qa4+ Bd7
9. Qxc4) 5. Nc3 g6 6. e4 ({White also can play} 6. g3 Bg7 7. Bg2 O-O 8. O-O {
and it is not so clear, in whose favour the inclusion of the moves a2-a3 and
e7-e6 is.}) 6... Bg7 7. h3 ({After} 7. Be2 O-O 8. O-O {Black has} Re8 $1 {
(instead of 8...e5 9.d5 Ne7)} 9. d5 (9. Be3 e5 10. d5 Nd4 11. Nxd4 exd4 12.
Bxd4 Nxe4) 9... Ne7 {with good counterplay, for example:} 10. h3 exd5 11. cxd5
c6 12. dxc6 bxc6 13. Be3 d5 14. exd5 Nfxd5 15. Bd4 Nxc3 16. bxc3 Nd5 17. Qd2
Be6 18. Bxg7 Kxg7 19. Nd4 Qa5 {1/2-1/2 Genov-Sulava, France 2004}) 7... O-O 8.
Bg5 h6 9. Be3 e5 $1 {This is not a novelty, but I didn't aware about this. The
following continuation was the most frequent:} (9... Re8 10. Bd3 $1 {
(overprotecting e4)} Nd7 (10... e5 $6 11. d5 Nd4 12. Nxd4 exd4 13. Bxd4) 11.
Be2 {and White is ready to meet e6-e5 with d4-d5.}) 10. d5 Nd4 $1 (10... Ne7
11. Qd2 Kh7 12. g4 Nd7 13. Bd3 Nc5 14. Bc2 {with White's advantage,
Kret-Urquhart, Toronto 2004.}) 11. Nxd4 exd4 12. Bxd4 (12. Qxd4 Ng4 13. Qd3
Nxe3 14. Qxe3 f5 {with full compensation for the pawn.}) 12... Nxe4 13. Nxe4 (
13. Bxg7 Re8 $1 14. Be2 Kxg7 15. Qd4+ Qf6 16. Qxf6+ Kxf6 17. Nxe4+ Rxe4 {
led to a slightly better ending for Black, and White eventually lost both
games from this position:} 18. f3 (18. Kd2 Bf5 19. g4 Bd7 20. f3 Rf4 21. Ke3 g5
22. Bd3 Re8+ 23. Be4 Kg7 24. Rae1 f5 {Edvardsson-Hausrath, Kallithea 2008})
18... Re7 19. Kf2 Bf5 20. Rhd1 Rae8 21. Bf1 Re3 22. Rd2 R8e7 23. Rad1 g5 24.
Re2 Rb3 25. Rxe7 Kxe7 26. Rd2 h5 {Ragger-Caruana, Rogatska Slatina 2009}) 13...
Qh4 $1 {The point.} (13... Re8 $6 14. f3 f5 15. Bxg7 Kxg7 16. Qd4+ Kh7 17. Bd3
{and White is a pawn up.}) 14. Bxg7 (14. g4 Re8 15. Bg2 Bf5 $1 16. O-O (16.
gxf5 $2 Rxe4+ 17. Bxe4 Qxe4+) 16... Bxe4 17. Bxg7 (17. f3 Bc2 $1) 17... Bxg2
18. Kxg2 Kxg7 19. Qd4+ Qf6 20. Qxf6+ Kxf6 {with equality and a draw in a few
moves, Ramesh-Recuero Guerra (Spain 2007)}) 14... Qxe4+ 15. Qe2 Qxe2+ 16. Bxe2
Kxg7 {Of course, Black has a comfortable equality. Moreover, White should play
accurately in order not to find himself in an inferior ending.} 17. Bd3 (17.
Kd2 a5 18. b3 b6 19. Bd3 Bd7 20. h4 Rfe8 21. Rae1 Rxe1 22. Rxe1 Re8 23. Rc1 Kf6
24. Rc3 g5 25. hxg5+ hxg5 {1/2-1/2 Malaniuk-Riff, La Fere 2009}) 17... Re8+ 18.
Kd2 Kf6 19. Rhe1 Bf5 (19... Bd7) 20. Rac1 g5 (20... b6 21. Bxf5 Kxf5 22. Rxe8
Rxe8 23. Rc3 Re4 24. g3 Rd4+ 25. Ke2 {should be a draw.}) 21. Bxf5 Kxf5 22. c5
Re5 23. Rxe5+ Kxe5 24. Re1+ $1 Kf6 (24... Kxd5 25. Re7 dxc5 26. Rxc7 Rd8 27.
Kc3 {and White regains a pawn with a slight initiative.}) 25. cxd6 cxd6 26. Rc1
Re8 27. Rc7 Re7 28. Rxe7 1/2-1/2